| 000 | 00698nam a2200241 i 4500 | ||
|---|---|---|---|
| 001 | 93298 | ||
| 003 | ES-MaACL | ||
| 005 | 20240611121546.0 | ||
| 007 | t| | ||
| 008 | 050512s2002 sp |||| | spa d | ||
| 020 | _a84-233-3411-2 | ||
| 080 | _a821.134.2-4"19" | ||
| 100 | 1 |
_aSánchez Ferlosio, Rafael, _d1927-2019 _9102633 |
|
| 245 | 1 | 3 |
_aLa hija de la guerra y la madre de la patria / _cRafael Sánchez Ferlosio. |
| 250 | _a1ª ed. | ||
| 260 |
_aBarcelona : _bDestino, _c2002. |
||
| 300 |
_a223 p. ; _c23 cm. |
||
| 490 | 1 |
_aImago mundi ; _v1 |
|
| 830 | 0 | 0 |
_aImago mundi (Barcelona) ; _v1 _9236939 |
| 852 |
_aES-MaACL _jL-29073 |
||
| 942 | _2udc | ||
| 999 |
_c93298 _d93298 |
||